00623nam a22001817a 4500952013100000999001700131003000400148005001700152008004100169020001800210040000900228082001900237100004400256245004600300260004100346300000900387942004500396 00102ddc40708NFICaMESbMEScMGCd2019-10-26g250.00l0o954.035 GAN/Hp40800r2019-11-02 00:00:00w2019-11-02yBKzGR11R3 c40774d40774OSt20201231105626.0191102b ||||| |||| 00| 0 eng d a9788192252803 coclc a954.035bGAN/H11aGandhi, Mahatmad1869-1948eMahatma922 aHind Swaraj /cMohandas Karamchand Gandhi aNew Delhi, bM K Internationalc2012 a127p 2ddccBKh954.03/5iGAN/Hk954.035mGAN/H